000 00634nam a2200217Ii 4500
003 JO-AjNU
008 230606s9999||||xx |||||||||||||| ||und||
020 _a978-1-138-16767-4(hbk)/978-0-582-05092-1(pbk)
040 _aJO-AjNU
_beng
_erda
_cJO-AjNU
041 _aeng
050 1 4 _aPR533.R46.2017
100 3 _a Malcolmson,Cristina,
_eauthor
_96029
245 0 0 _aRenaissance Poetry
250 _a1 ed
264 3 1 _aNew York: Routledge ,2017
300 _a293p
336 _atext
_btxt
_2rdacontent
337 _aunmediated
_bn
_2rdamedia
338 _avolume
_bnc
_2rdacarrier
650 4 _a English poetry -- Early modern
_96030
999 _aE3128
_c3125
_d3125